| 000 | 01015nam a22002657a 4500 | ||
|---|---|---|---|
| 005 | 20240530110426.0 | ||
| 008 | 150204s2011 ua g 000 0 ara d | ||
| 017 |
_a2010/13848 _bمصر . دار الكتب المصرية |
||
| 020 | _a9776223226 | ||
| 040 | _aEG-CaGPL | ||
| 041 | 0 | _aara | |
| 082 | 0 | 4 |
_221 _a346.08212\ _bم أ |
| 100 | 0 | _aمحمد خيرى | |
| 245 | 1 | 2 |
_aالاعتمادات البنكية وخطاب الضمان : _bطبقا لقانون التجارة الجديد/ _cمحمد خيرى ، سمير الامين |
| 250 | _aط1 | ||
| 260 |
_aالقاهرة : _bالمركز القومى للاصدارات القانونية ، _c2011 |
||
| 300 |
_a173 ص ؛ _c24 سم |
||
| 650 | 0 | 4 |
_aالبنوك _xاعتمادات |
| 650 | 0 | 4 | _aالقروض |
| 650 | 0 | 4 |
_aالنوك _xقوانين و تشريعات |
| 650 | 0 | 4 |
_aالبنوك _xخطابات الضمان |
| 700 | 0 |
_aسمير الامين _eمؤلف مشارك |
|
| 942 |
_2ddc _cBK |
||
| 999 |
_c60760 _d60760 |
||